• 首页
  • 本馆介绍
  • 公告通知
  • 最新文献
  • 馆藏检索
  • 电子资源
  • 读者导购
  • 参考咨询
  • 我的图书馆
  • 登录
  • 详细信息显示
  • 放入我的书架
  • 预约/预借图书
  • 作者相关作品
  • 分类相关作品
  • 丛书相关作品
  • 出版社相关作品

书目信息

  • 表格格式
  • 工作单格式
  • 卡片格式
题名:
英语教学论
    
 
作者: 鲁子问 主编
分册:  
出版信息: 上海   华东师范大学出版社  2022.06
页数: 430页
开本: 26cm
丛书名:
单 册:
中图分类: G633.412
科图分类:
主题词: 英语课--中小学--教学研究--师范大学--教材
电子资源:
ISBN: 978-7-5760-2749-5
000 00876nam0 2200253 450
001 012001002544
005 20221208083356.88
010    @a978-7-5760-2749-5@dCNY59.00
100    @a20220905d2022 em y0chiy0110 ea
101 0  @achi@aeng
102    @aCN@b310000
105    @aa z 000yy
106    @ar
200 1  @a英语教学论@Aying yu jiao xue lun@f鲁子问主编
205    @a3版
210    @a上海@c华东师范大学出版社@d2022.06
215    @a430页@c图@d26cm
300    @a新标准学科教育系列教材 i教育·融合创新一体化教材
330    @a本书内容包括:中小学英语教育基本概念、国内外英语教学理念发展、中小学英语教学要素、中小学英语教学原则、中小学英语教学策略、中小学英语教学设计等。
606 0  @a英语课@x中小学@x教学研究@x师范大学@j教材
690    @aG633.412@v5
701  0 @a鲁子问@Alu zi wen@4主编
801  0 @aCN@bAHXH@c20221111
905    @b1373017-21@dG633.412@e1039=3@f5
    
    英语教学论/鲁子问主编.-3版.-上海:华东师范大学出版社,2022.06
    430页:图;26cm
    新标准学科教育系列教材 i教育·融合创新一体化教材
    
    ISBN 978-7-5760-2749-5:CNY59.00
    本书内容包括:中小学英语教育基本概念、国内外英语教学理念发展、中小学英语教学要素、中小学英语教学原则、中小学英语教学策略、中小学英语教学设计等。
●
相关链接 在E读中查询图书 在五车中查询图书 在当当中查询图书 在豆瓣中查询图书


正题名:英语教学论     索取号:G633.412/1039=3         预约/预借

序号 登录号 条形码 馆藏地/架位号 状态 备注
1 1373017   213730177   第一样本阅览室/ [索取号:G633.412/1039=3] 在馆    
2 1373018   213730186   教育系资料室/ [索取号:G633.412/1039=3] 在馆    
3 1373019   213730195   教育系资料室/ [索取号:G633.412/1039=3] 在馆    
4 1373020   213730202   第四借阅区/ [索取号:G633.412/1039=3] 在馆    
5 1373021   213730211   第四借阅区/ [索取号:G633.412/1039=3] 在馆    
唐山师范学院图书馆 欢迎您!
大连网信软件有限公司© 版权所有